| 000 -LEADER |
| fixed length control field |
00627nam a2200217Ia 4500 |
| 001 - CONTROL NUMBER |
| control field |
13359 |
| 003 - CONTROL NUMBER IDENTIFIER |
| control field |
GE_BSU |
| 008 - FIXED-LENGTH DATA ELEMENTS--GENERAL INFORMATION |
| fixed length control field |
181216s||||||||xx |||||||||||||| ||und|| |
| 020 ## - INTERNATIONAL STANDARD BOOK NUMBER |
| International Standard Book Number |
9781407531304 |
| 040 ## - CATALOGING SOURCE |
| Transcribing agency |
GE_BSU |
| 080 ## - UNIVERSAL DECIMAL CLASSIFICATION NUMBER |
| Universal Decimal Classification number |
821.111-32 |
| 245 ## - TITLE STATEMENT |
| Title |
High school musical 2.Book of the film. |
| 245 ## - TITLE STATEMENT |
| Statement of responsibility, etc. |
Adapted by N.B.Grace. Based on "High school musical 2".Written by Peter Barsocchini Based on Characters created by Peter Barsocchini. |
| 260 ## - PUBLICATION, DISTRIBUTION, ETC. |
| Place of publication, distribution, etc. |
New York. |
| 260 ## - PUBLICATION, DISTRIBUTION, ETC. |
| Name of publisher, distributor, etc. |
Parragon. |
| 260 ## - PUBLICATION, DISTRIBUTION, ETC. |
| Date of publication, distribution, etc. |
2007 |
| 300 ## - PHYSICAL DESCRIPTION |
| Extent |
137p;19cm. |
| 300 ## - PHYSICAL DESCRIPTION |
| Other physical details |
ill. |
| 653 ## - INDEX TERM--UNCONTROLLED |
| Uncontrolled term |
High school musical 2.Book of the film. |
| 942 ## - ADDED ENTRY ELEMENTS (KOHA) |
| Koha item type |
წიგნი |